[Event "3. Wittelsbacher Weihnachts-Schach-Open"]
[Site "Kelheim"]
[Date "2014.12.28"]
[Round "3.12"]
[White "Koellner, Ulrich"]
[Black "Eibl, Maximilian"]
[Result "0-1"]
[WhiteElo "1890"]
[BlackElo "2165"]
[PlyCount "96"]
[EventDate "2014.??.??"]
[WhiteTeam "SV Hofheim"]
[BlackTeam "SK Kelheim"]

1. d4 Nf6 2. c4 e6 3. Nf3 b6 4. Nc3 Bb7 5. g3 d6 6. Bg2 c5 7. e3 Be7 8. O-O O-O
9. b3 Nbd7 10. Bb2 a6 11. Qe2 Qc7 12. Rfd1 Rfe8 13. Rac1 Rad8 14. Qc2 Bf8 15.
Rd2 Qb8 16. Rcd1 Qa8 17. d5 exd5 18. Nxd5 Bxd5 19. cxd5 b5 20. Ng5 Ne5 21. Kh1
g6 22. h3 h6 23. Nf3 Ned7 24. Nh4 Bg7 25. Re2 c4 26. bxc4 Rc8 27. Qb1 Rxc4 28.
Rc2 Rxc2 29. Qxc2 Rc8 30. Qb1 Rc7 31. Kh2 Qc8 32. Rc1 Rc4 33. Ba3 Ne5 34. Nf3
Rxc1 35. Qxc1 Qxc1 36. Bxc1 Nd3 37. Ba3 Nxf2 38. Bxd6 Nxd5 39. Nd2 Nxe3 40. Bb7
a5 41. Ba6 b4 42. Nc4 Ne4 43. Nxe3 Nxd6 44. Nc4 Ne4 45. Nxa5 Be5 46. Bb7 Nxg3
47. Nc6 Bd6 48. Nxb4 Nf5+ 0-1

[Event "3. Wittelsbacher Weihnachts-Schach-Open"]
[Site "Kelheim"]
[Date "2014.12.28"]
[Round "3.13"]
[White "Bartmann, Florian"]
[Black "Meulner, Klaus"]
[Result "1/2-1/2"]
[WhiteElo "1734"]
[BlackElo "2117"]
[PlyCount "66"]
[EventDate "2014.??.??"]
[WhiteTeam "SK Kelheim"]
[BlackTeam "SW Nürnberg Süd"]

1. e4 b6 2. Nc3 Bb7 3. d4 e6 4. a3 Nf6 5. f3 c5 6. d5 exd5 7. Nxd5 Nxd5 8. exd5
Qh4+ 9. g3 Qh5 10. c4 Bd6 11. f4 Qxd1+ 12. Kxd1 Be7 13. Bd2 Bf6 14. Rb1 d6 15.
Bd3 Nd7 16. Kc2 O-O 17. g4 b5 18. b3 Nb6 19. Bc3 Be7 20. Nf3 bxc4 21. bxc4 Ba6
22. Nd2 Rfe8 23. g5 Bd8 24. Rhe1 Bc7 25. h4 Na4 26. Ba1 Ba5 27. h5 Bxd2 28.
Kxd2 Nb6 29. Kc3 Rab8 30. Bf1 Kf8 31. Bd3 Kg8 32. Bf1 Kf8 33. Bd3 Kg8 1/2-1/2

[Event "3. Wittelsbacher Weihnachts-Schach-Open"]
[Site "Kelheim"]
[Date "2014.12.28"]
[Round "3.14"]
[White "Pohl, Steffen"]
[Black "Lechermann, Markus"]
[Result "0-1"]
[WhiteElo "1789"]
[BlackElo "2030"]
[PlyCount "106"]
[EventDate "2014.??.??"]
[WhiteTeam "SK Schwanstetten"]
[BlackTeam "MTV Ingolstadt"]

1. e4 c5 2. d4 cxd4 3. c3 dxc3 4. Nxc3 a6 5. Nf3 Nc6 6. Bc4 e6 7. O-O d6 8. Qe2
Be7 9. Rd1 Qc7 10. Bf4 Ne5 11. Bxe5 dxe5 12. Rac1 Bd7 13. Nb5 Qb8 14. Nc7+ Qxc7
15. Bxe6 Bc6 16. Bd7+ Kf8 17. Bxc6 bxc6 18. Qc4 g6 19. Qxc6 Qxc6 20. Rxc6 f6
21. Rd7 Nh6 22. Kf1 Kf7 23. Rcc7 Rhe8 24. Nd2 Rad8 25. Rxd8 Rxd8 26. Nc4 Ke8
27. b3 Nf7 28. Ra7 Nd6 29. Rxa6 Nxc4 30. bxc4 Rd4 31. a4 Rxe4 32. c5 Bxc5 33.
Rxf6 Rxa4 34. Re6+ Kf7 35. Rxe5 Ra1+ 36. Re1 Rxe1+ 37. Kxe1 Kf6 38. Ke2 Kf5 39.
Kf3 h5 40. h4 Bd6 41. g3 Be7 42. Kg2 Ke4 43. Kf1 Kf3 44. Kg1 Bc5 45. Kh2 Bxf2
46. Kh3 Be1 47. Kh2 Bxg3+ 48. Kh3 Be1 49. Kh2 Bxh4 50. Kh3 Bd8 51. Kh2 g5 52.
Kh3 g4+ 53. Kh2 g3+ 0-1

[Event "3. Wittelsbacher Weihnachts-Schach-Open"]
[Site "Kelheim"]
[Date "2014.12.28"]
[Round "3.15"]
[White "Blodig, Constantin"]
[Black "Braun, Kristin"]
[Result "1-0"]
[WhiteElo "1972"]
[BlackElo "1765"]
[PlyCount "113"]
[EventDate "2014.??.??"]
[WhiteTeam "SK Kelheim"]
[BlackTeam "SC Forchheim"]

1. b3 d5 2. Bb2 c5 3. e3 Nc6 4. Bb5 Bd7 5. f4 Nf6 6. Nf3 e6 7. O-O Bd6 8. d3
O-O 9. Bxc6 Bxc6 10. Nbd2 b5 11. Qe2 a6 12. Ne5 Bb7 13. Ng4 Be7 14. e4 Nxg4 15.
Qxg4 d4 16. e5 Qd5 17. Rae1 f5 18. exf6 Rxf6 19. Re2 Raf8 20. Bc1 Rg6 21. Qh3
Rh6 22. Qf3 Qxf3 23. Nxf3 Bxf3 24. Rxf3 Rhf6 25. f5 Bd6 26. fxe6 Rxf3 27. gxf3
Re8 28. Bg5 h6 29. Bh4 g5 30. Bg3 Bxg3 31. hxg3 Kg7 32. Re5 Rc8 33. f4 gxf4 34.
gxf4 Kf6 35. e7 Re8 36. Rxc5 Rxe7 37. Kf2 Re6 38. Rh5 Kg6 39. Rc5 Kf6 40. Kf3
Rd6 41. Ke4 Ke6 42. a3 Kf6 43. a4 b4 44. Rc4 a5 45. Rc5 Ke6 46. Rxa5 Rc6 47.
Rh5 Rxc2 48. Rxh6+ Ke7 49. Rb6 Re2+ 50. Kxd4 Rf2 51. Ke3 Rf1 52. Rxb4 Re1+ 53.
Kd4 Rf1 54. Kd5 Rd1 55. Rd4 Rb1 56. b4 Ra1 57. a5 1-0

[Event "3. Wittelsbacher Weihnachts-Schach-Open"]
[Site "Kelheim"]
[Date "2014.12.28"]
[Round "3.16"]
[White "Mühlich, Cornelius"]
[Black "Eder Andreas"]
[Result "0-1"]
[WhiteElo "1427"]
[BlackElo "1959"]
[PlyCount "56"]
[EventDate "2014.??.??"]
[WhiteTeam "SK Kelheim"]
[BlackTeam "SK Mostarrichi"]

1. e4 Nc6 2. Nf3 f5 3. exf5 d5 4. d4 Bxf5 5. Bd3 Bxd3 6. Qxd3 Qd7 7. O-O O-O-O
8. Re1 e6 9. Bf4 Nge7 10. Nbd2 Ng6 11. Bg3 Re8 12. Nb3 Bd6 13. Bxd6 Qxd6 14.
Rad1 Rhf8 15. c3 e5 16. dxe5 Ncxe5 17. Nxe5 Nxe5 18. Qxh7 Qf6 19. Qc2 Qg5 20.
Re2 Rh8 21. Re3 Rxh2 22. Kxh2 Ng4+ 23. Kg1 Rxe3 24. fxe3 Qxe3+ 25. Kh1 Qh6+ 26.
Kg1 Qh2+ 27. Kf1 Qh1+ 28. Ke2 Qxg2+ 0-1

[Event "3. Wittelsbacher Weihnachts-Schach-Open"]
[Site "Kelheim"]
[Date "2014.12.28"]
[Round "3.17"]
[White "Schmidt, Franz"]
[Black "Baur, Stephan"]
[Result "0-1"]
[WhiteElo "1842"]
[BlackElo "1938"]
[PlyCount "64"]
[EventDate "2014.??.??"]
[WhiteTeam "SK Abensberg"]
[BlackTeam "SK Kelheim"]

1. e4 d6 2. d4 Nf6 3. Nc3 g6 4. f4 Bg7 5. Nf3 c5 6. Bb5+ Bd7 7. e5 Ng4 8. e6
Bxb5 9. exf7+ Kd7 10. Nxb5 Qa5+ 11. Nc3 cxd4 12. Nxd4 h5 13. Qd3 Qc5 14. Nce2
Nc6 15. c3 Nxd4 16. Nxd4 Bxd4 17. cxd4 Qf5 18. Qxf5+ gxf5 19. h3 Nf6 20. Be3
Nd5 21. Kf2 Ke6 22. Kf3 Kxf7 23. g4 hxg4+ 24. hxg4 fxg4+ 25. Ke4 Nf6+ 26. Kd3
Ke6 27. Rac1 Nd5 28. Ke4 Nf6+ 29. Kd3 Kd7 30. Rxh8 Rxh8 31. f5 Rh3 32. Ke2 Rh2+
0-1

[Event "3. Wittelsbacher Weihnachts-Schach-Open"]
[Site "Kelheim"]
[Date "2014.12.28"]
[Round "3.18"]
[White "Sailer, Wolfgang"]
[Black "R?sch, Maximilian"]
[Result "1-0"]
[WhiteElo "2205"]
[BlackElo "1660"]
[PlyCount "59"]
[EventDate "2014.??.??"]
[WhiteTeam "SK Ingolstadt"]
[BlackTeam "SK Kelheim"]

1. d4 d5 2. c4 e6 3. Nf3 Nf6 4. g3 Be7 5. Bg2 c6 6. Qc2 Nbd7 7. Nbd2 O-O 8. b3
Re8 9. O-O Nf8 10. Bb2 Bd7 11. Rfd1 Rc8 12. e4 dxe4 13. Nxe4 Nxe4 14. Qxe4 Qc7
15. h4 h6 16. Ne5 f5 17. Qf3 Bf6 18. Re1 Bxe5 19. Rxe5 Ng6 20. Re2 Re7 21. h5
Nf8 22. Rae1 c5 23. Qxb7 cxd4 24. Qxc7 Rxc7 25. Bxd4 Be8 26. Be5 Rcd7 27. Bf3
g5 28. hxg6 Nxg6 29. Bf6 Rf7 30. Rxe6 1-0

[Event "3. Wittelsbacher Weihnachts-Schach-Open"]
[Site "Kelheim"]
[Date "2014.12.28"]
[Round "3.20"]
[White "Stierle, Martin"]
[Black "Steinmüller , Günther"]
[Result "0-1"]
[WhiteElo "1894"]
[BlackElo "2193"]
[PlyCount "116"]
[EventDate "2014.??.??"]
[WhiteTeam "SG Donautal Tuttlingen"]
[BlackTeam "ASK St. Valentin"]

1. d4 Nf6 2. c4 e6 3. g3 c5 4. d5 exd5 5. cxd5 d6 6. Nc3 g6 7. Bg2 Bg7 8. Nf3
O-O 9. O-O a6 10. a4 Nbd7 11. Nd2 Re8 12. Nc4 Ne5 13. Nxe5 Rxe5 14. e4 Rb8 15.
a5 Re8 16. h3 Nd7 17. f4 b5 18. axb6 Qxb6 19. Qa4 Qd8 20. Qc2 Rb4 21. Ra4 Qb6
22. Kh1 a5 23. e5 dxe5 24. f5 Ba6 25. Rf2 Rd4 26. Bf1 Bxf1 27. Rxf1 Qa6 28. Rf3
Nf6 29. Be3 e4 30. Rf2 Rd3 31. Bxc5 gxf5 32. Rxf5 Qc8 33. Qf2 e3 34. Bxe3 Rdxe3
35. Rh4 Re1+ 36. Kg2 Qa6 37. Qd4 Kh8 38. d6 Qb7+ 39. Nd5 Nxd5 40. Qxd5 R1e2+
41. Kf3 R2e3+ 42. Kg4 R3e4+ 43. Kh5 Qxd5 44. Rxd5 R8e5+ 45. Rxe5 Rxh4+ 46. Kxh4
Bxe5 47. d7 Bf6+ 48. Kg4 Kg7 49. Kf5 Bd8 50. Ke5 Kg6 51. b3 Kg5 52. Ke4 Kf6 53.
Kd5 Ke7 54. Kc6 Ke6 55. g4 Ke7 56. g5 Ke6 57. h4 Ke7 58. h5 Ke6 0-1

[Event "3. Wittelsbacher Weihnachts-Schach-Open"]
[Site "Kelheim"]
[Date "2014.12.28"]
[Round "3.21"]
[White "Boos, Patrick"]
[Black "Schmitz, Marc"]
[Result "1-0"]
[WhiteElo "2122"]
[BlackElo "1741"]
[PlyCount "97"]
[EventDate "2014.??.??"]
[WhiteTeam "SV Worms"]
[BlackTeam "SV Saal/Donau"]

1. e4 c5 2. Nf3 d6 3. d4 cxd4 4. c3 d3 5. Bxd3 Nc6 6. O-O Nf6 7. Bf4 e5 8. Bg5
Be6 9. Qe2 Qc7 10. Na3 h6 11. Bxf6 gxf6 12. Bc4 O-O-O 13. b4 Kb8 14. Rfd1 f5
15. exf5 Bxf5 16. Nh4 Bc8 17. Qh5 Rh7 18. Rd3 e4 19. Rg3 Ne5 20. Be2 a6 21. Rd1
Rg7 22. Rxg7 Bxg7 23. c4 b6 24. Nf5 Bf8 25. Ne3 Be6 26. Nd5 Qc6 27. Qh4 Rc8 28.
Qxe4 Ka7 29. Qe3 Rd8 30. b5 Qc5 31. bxa6 Qxe3 32. Nb5+ Kxa6 33. fxe3 Ka5 34.
Rb1 Bxd5 35. cxd5 Rc8 36. Nd4 Rc3 37. Rb3 Ka4 38. Rxb6 Be7 39. Ra6+ Kb4 40. Ra7
Rc1+ 41. Kf2 Bg5 42. a3+ Kc3 43. Rc7+ Kb2 44. Rxc1 Kxc1 45. a4 Kd2 46. Nf5 Nd7
47. a5 Nc5 48. a6 Ne4+ 49. Kf3 1-0

[Event "3. Wittelsbacher Weihnachts-Schach-Open"]
[Site "Kelheim"]
[Date "2014.12.28"]
[Round "3.22"]
[White "Urban, Rudolf"]
[Black "Hornung, Hans"]
[Result "1/2-1/2"]
[WhiteElo "1873"]
[BlackElo "2132"]
[PlyCount "77"]
[EventDate "2014.??.??"]
[WhiteTeam "SC Roter Turm Altstadt"]
[BlackTeam "SK Klosterlechfeld"]

1. d4 Nf6 2. Bf4 c5 3. dxc5 Qa5+ 4. Nc3 Qxc5 5. Nf3 b6 6. e3 Bb7 7. Qd4 d6 8.
Qxc5 bxc5 9. Nb5 Na6 10. Be2 e5 11. Bg3 Be7 12. Rd1 Ne4 13. O-O O-O 14. Nd2
Nxg3 15. hxg3 d5 16. e4 d4 17. Bc4 Nb4 18. c3 a6 19. Nc7 Rac8 20. cxb4 Rxc7 21.
bxc5 Rxc5 22. b3 g6 23. f4 Kg7 24. f5 Bg5 25. Rfe1 Be3+ 26. Kh2 gxf5 27. exf5
e4 28. g4 h5 29. Nf1 Bf2 30. Re2 e3 31. Rxd4 Rh8 32. g5 Rxf5 33. Nxe3 Bxe3 34.
Rxe3 Rf2 35. Re7 Ba8 36. Rdd7 Rxg2+ 37. Kh3 Rf8 38. Bxf7 Rxg5 39. Bxh5+ 1/2-1/2

[Event "3. Wittelsbacher Weihnachts-Schach-Open"]
[Site "Kelheim"]
[Date "2014.12.28"]
[Round "3.23"]
[White "Weber, Daniel"]
[Black "Blank, Stefan"]
[Result "1-0"]
[WhiteElo "2036"]
[BlackElo "1827"]
[PlyCount "53"]
[EventDate "2014.??.??"]
[WhiteTeam "SC Bechhofen"]
[BlackTeam "SC Sulzbach"]

1. e4 c5 2. Nf3 Nc6 3. d4 cxd4 4. Nxd4 d6 5. Nc3 Nf6 6. Be3 g6 7. f3 Bg7 8. Qd2
O-O 9. O-O-O Qa5 10. Kb1 Nd7 11. Nd5 Qd8 12. h4 Nxd4 13. Bxd4 Bxd4 14. Qxd4 Ne5
15. h5 f6 16. hxg6 hxg6 17. f4 Nf7 18. e5 fxe5 19. fxe5 Nxe5 20. Qh4 Kf7 21.
Bb5 Bf5 22. Qg5 Rg8 23. Rh7+ Rg7 24. Rdh1 Rc8 25. Rh8 Rg8 26. R1h7+ Ke6 27.
Nf4# 1-0

[Event "3. Wittelsbacher Weihnachts-Schach-Open"]
[Site "Kelheim"]
[Date "2014.12.28"]
[Round "3.25"]
[White "Schindler, Tobias"]
[Black "Braun, Michael"]
[Result "0-1"]
[WhiteElo "1721"]
[BlackElo "2027"]
[PlyCount "90"]
[EventDate "2014.??.??"]
[WhiteTeam "SK Kelheim"]
[BlackTeam "SG B?chenbach/Roth"]

1. c4 e5 2. g3 Nf6 3. Bg2 d5 4. cxd5 Nxd5 5. Nc3 Nb6 6. Nf3 Nc6 7. O-O Be7 8.
d3 O-O 9. Bd2 Be6 10. a4 a5 11. Rc1 f6 12. Ne4 Nb4 13. Nc5 Bxc5 14. Rxc5 Qd7
15. Bxb4 axb4 16. b3 Nd5 17. Rc1 Nc3 18. Qc2 Qf7 19. Qb2 Bxb3 20. Rxc3 bxc3 21.
Qxc3 Bd5 22. a5 Ra6 23. Ra1 Rfa8 24. Nd2 Bxg2 25. Kxg2 b6 26. Qc6 bxa5 27. Qc5
a4 28. Nc4 Qd7 29. Kg1 Qd4 30. Qa3 Rb8 31. Rc1 c5 32. Nd2 Qb4 33. Qa2+ Kh8 34.
Rb1 Raa8 35. Rxb4 cxb4 36. Nc4 a3 37. Nd2 b3 38. Nxb3 Rxb3 39. Kg2 Rbb8 40. Kf3
Ra7 41. e3 h6 42. h4 Rb2 43. Qe6 a2 44. Qe8+ Kh7 45. h5 Rb8 0-1

[Event "3. Wittelsbacher Weihnachts-Schach-Open"]
[Site "Kelheim"]
[Date "2014.12.28"]
[Round "3.26"]
[White "Simons, Peter"]
[Black "Goderbauer, Josef"]
[Result "1-0"]
[WhiteElo "2043"]
[BlackElo "1735"]
[PlyCount "92"]
[EventDate "2014.??.??"]
[WhiteTeam "Rheinbacher SF"]
[BlackTeam "SC Moosburg"]

1. c4 g6 2. g3 Bg7 3. Bg2 d6 4. d3 Nd7 5. Nc3 a6 6. Bg5 Rb8 7. a4 Ngf6 8. e4
O-O 9. Nge2 Nc5 10. h3 c6 11. O-O Qc7 12. Rc1 Qa5 13. Rb1 Qc7 14. Qd2 Nb3 15.
Qc2 Qb6 16. a5 Nd4 17. Nxd4 Qxd4 18. Be3 Qe5 19. Bb6 Qh5 20. Qd1 Qxd1 21. Rfxd1
Nh5 22. Na4 c5 23. Bc7 Bd7 24. Nb6 Rbd8 25. Bxd8 Rxd8 26. e5 Bc6 27. exd6 exd6
28. Re1 Bd4 29. Kf1 Be5 30. Re2 f5 31. Nd5 Kf7 32. b4 Bd4 33. Re7+ Kg8 34. Rc7
Ng7 35. Ne7+ Kf8 36. Nxc6 bxc6 37. Bxc6 Ne6 38. Rxh7 cxb4 39. Rxb4 Nc5 40. Bd5
g5 41. Rb1 Re8 42. Rf7+ Kg8 43. Rxf5+ Kh7 44. Rxg5 Nxd3 45. Re1 Bf6 46. Rh5+
Kg6 1-0

[Event "3. Wittelsbacher Weihnachts-Schach-Open"]
[Site "Kelheim"]
[Date "2014.12.28"]
[Round "3.27"]
[White "Nussbaumer Johann"]
[Black "Wieczorek, Heinz"]
[Result "1-0"]
[WhiteElo "2041"]
[BlackElo "1816"]
[PlyCount "75"]
[EventDate "2014.??.??"]
[WhiteTeam "ASK St. Valentin"]
[BlackTeam "SW N?rnberg S?d"]

1. d4 Nf6 2. c4 e6 3. Nc3 Bb4 4. Qc2 c5 5. dxc5 Bxc5 6. Nf3 Nc6 7. e3 O-O 8.
Be2 d5 9. O-O dxc4 10. Bxc4 Qe7 11. a3 a5 12. b3 e5 13. Bb2 Bg4 14. Nd5 Nxd5
15. Bxd5 Bxf3 16. Bxf3 Rad8 17. Qc3 Rc8 18. Bxc6 Rxc6 19. Qxa5 Ra6 20. Qc3 Bxa3
21. Qxe5 Qxe5 22. Bxe5 f6 23. Bd4 Rc8 24. Ra2 Bb4 25. Rxa6 bxa6 26. Rb1 Kf7 27.
Kf1 Ke6 28. Rb2 f5 29. Ke2 g5 30. Kd3 Kd5 31. Rc2 Rxc2 32. Kxc2 Be1 33. f3 h5
34. Kd3 Kc6 35. Kc4 Bf2 36. e4 Bxd4 37. Kxd4 fxe4 38. fxe4 1-0

[Event "3. Wittelsbacher Weihnachts-Schach-Open"]
[Site "Kelheim"]
[Date "2014.12.28"]
[Round "3.28"]
[White "Li, Simon"]
[Black "Bader, Dominic"]
[Result "1/2-1/2"]
[WhiteElo "1815"]
[BlackElo "2103"]
[PlyCount "27"]
[EventDate "2014.??.??"]
[WhiteTeam "SK Schweinfurt"]
[BlackTeam "SG B?chenbach/Roth"]

1. e4 c5 2. Nf3 Nc6 3. d4 cxd4 4. Nxd4 Nf6 5. Nc3 e6 6. Be3 Bb4 7. f3 d5 8. Bb5
Bd7 9. Bxc6 Bxc6 10. e5 Nd7 11. f4 Nc5 12. Qg4 g6 13. O-O Qd7 14. f5 1/2-1/2

[Event "3. Wittelsbacher Weihnachts-Schach-Open"]
[Site "Kelheim"]
[Date "2014.12.28"]
[Round "3.29"]
[White "Popp, Michael"]
[Black "Jaschke, Dieter"]
[Result "1-0"]
[WhiteElo "2071"]
[BlackElo "1921"]
[PlyCount "97"]
[EventDate "2014.??.??"]
[WhiteTeam "TV Geiselh?ring"]
[BlackTeam "TSV Kirchenlaibach"]

1. d4 d5 2. Nf3 Nf6 3. c4 e6 4. e3 Bb4+ 5. Bd2 Bxd2+ 6. Nbxd2 O-O 7. cxd5 exd5
8. Bd3 Bg4 9. Qb3 Bxf3 10. Nxf3 Qc8 11. Rc1 Nbd7 12. O-O c6 13. Rc3 Qc7 14.
Rfc1 Rab8 15. Qc2 Rfe8 16. b4 Ne4 17. Bxe4 Rxe4 18. g3 h6 19. b5 Re6 20. bxc6
bxc6 21. Rxc6 Rxc6 22. Qxc6 Qb7 23. Qd6 Nf6 24. Rc7 Qb1+ 25. Kg2 Rb7 26. Qd8+
Kh7 27. Rxb7 Qxb7 28. Ne5 Ne4 29. Qd7 Qxd7 30. Nxd7 Nc3 31. a3 Kg6 32. f3 Kf5
33. Nc5 g5 34. g4+ Kg6 35. Kf2 f5 36. Ke1 f4 37. exf4 gxf4 38. Ne6 Nb5 39. a4
Nc3 40. a5 Nb5 41. Nxf4+ Kg5 42. Nxd5 Nxd4 43. Kf2 a6 44. Kg3 Ne2+ 45. Kf2 Nd4
46. Nb4 Kf4 47. h3 Nb3 48. h4 Nxa5 49. Nd3# 1-0

[Event "3. Wittelsbacher Weihnachts-Schach-Open"]
[Site "Kelheim"]
[Date "2014.12.28"]
[Round "3.30"]
[White "Seitner, Ralf"]
[Black "Helf, Stefan"]
[Result "1-0"]
[WhiteElo "2110"]
[BlackElo "1667"]
[PlyCount "57"]
[EventDate "2014.??.??"]
[WhiteTeam "SK Ingolstadt"]
[BlackTeam "SK Abensberg"]

1. d4 Nf6 2. c4 g6 3. Nc3 d5 4. Bf4 c6 5. e3 Bg7 6. Nf3 Qa5 7. Be2 Ne4 8. Qb3
dxc4 9. Bxc4 O-O 10. O-O Nxc3 11. bxc3 Nd7 12. Bg5 e6 13. Rac1 h6 14. Be7 Re8
15. Bd6 Qf5 16. Rfe1 b5 17. Bf1 e5 18. c4 a6 19. a4 exd4 20. Nxd4 Qf6 21. Bg3
c5 22. Ne2 b4 23. Nf4 Qc6 24. Nd5 Be5 25. f4 Bc7 26. e4 g5 27. fxg5 Bxg3 28.
Qxg3 Ra7 29. Nf6+ 1-0

[Event "3. Wittelsbacher Weihnachts-Schach-Open"]
[Site "Kelheim"]
[Date "2014.12.28"]
[Round "3.31"]
[White "Fr?hlich, Manuel"]
[Black "Kucera, Petr"]
[Result "0-1"]
[WhiteElo "1711"]
[BlackElo "1974"]
[PlyCount "70"]
[EventDate "2014.??.??"]
[WhiteTeam "TSV Oberviechtach"]
[BlackTeam "Bystrc Oilers"]

1. d4 Nf6 2. c4 e6 3. Nc3 Bb4 4. Bd2 O-O 5. Nf3 b6 6. e3 Bb7 7. a3 Bxc3 8. Bxc3
Ne4 9. Rc1 d6 10. Be2 Nd7 11. O-O Nxc3 12. Rxc3 Nf6 13. Nd2 e5 14. d5 a5 15. e4
Bc8 16. Rg3 Qe7 17. Qc2 Ne8 18. f4 f5 19. fxe5 Qxe5 20. Bd3 f4 21. Rgf3 Bg4 22.
R3f2 g5 23. h3 Bd7 24. Nf3 Qg7 25. Re1 Nf6 26. e5 dxe5 27. Rxe5 h6 28. Bg6 Be8
29. Bf5 Bh5 30. Nd4 Ng4 31. Be6+ Bf7 32. Nf5 Qxe5 33. hxg4 Bxe6 34. Re2 Bxf5
35. gxf5 Qxf5 0-1

[Event "3. Wittelsbacher Weihnachts-Schach-Open"]
[Site "Kelheim"]
[Date "2014.12.28"]
[Round "3.32"]
[White "Bartonicek, Zdenek"]
[Black "Klimpel, Siegfried"]
[Result "1-0"]
[WhiteElo "2072"]
[BlackElo "1836"]
[PlyCount "122"]
[EventDate "2014.??.??"]
[WhiteTeam "TSV Kirchenlaibach"]
[BlackTeam "TSV Kareth-Lappersdorf"]

1. e4 e6 2. d4 d5 3. Nd2 c5 4. Ngf3 Nf6 5. e5 Nfd7 6. c3 a6 7. Bd3 Nc6 8. O-O
Be7 9. Re1 Qc7 10. Nf1 h6 11. Bf4 c4 12. Bc2 b5 13. N3d2 h5 14. Nf3 Nb6 15. Qd2
Bb7 16. Ng5 Bxg5 17. Bxg5 Ne7 18. f4 O-O-O 19. Ne3 g6 20. a4 Rde8 21. axb5 axb5
22. Reb1 Qd7 23. b3 Kc7 24. Bd1 Nf5 25. Nxf5 gxf5 26. b4 Ra8 27. Qb2 Bc6 28.
Ra5 Rxa5 29. bxa5 Nc8 30. Qb4 Qe8 31. Qc5 Kb7 32. Ba4 Ka6 33. Bd1 Qd7 34. Bf6
Rh7 35. Qf8 Qe8 36. Qc5 Qd7 37. Ba4 Qe8 38. Bd1 Bd7 39. Rb2 h4 40. Rf2 h3 41.
Rf3 hxg2 42. Rg3 Bc6 43. h4 Bd7 44. Rxg2 Bc6 45. h5 Bd7 46. Kf1 Bc6 47. Be7 Rh8
48. Bd6 Qd7 49. Rg7 Kxa5 50. Qa3+ Kb6 51. Bc5+ Kb7 52. Rg2 Qd8 53. Rg7 Be8 54.
Rg5 Bc6 55. Qa2 Be8 56. Bb4 Bc6 57. Qa5 Qe8 58. Rg7 Rg8 59. h6 Rxg7 60. hxg7
Qg8 61. Bd6 Qxg7 1-0

[Event "3. Wittelsbacher Weihnachts-Schach-Open"]
[Site "Kelheim"]
[Date "2014.12.28"]
[Round "3.33"]
[White "Lautner, Juergen"]
[Black "Antczak, Lena"]
[Result "1-0"]
[WhiteElo "1932"]
[BlackElo "1614"]
[PlyCount "53"]
[EventDate "2014.??.??"]
[WhiteTeam "1.FC Schwarzenfeld"]
[BlackTeam "SK Kelheim"]

1. c4 e5 2. g3 Nc6 3. Nc3 f5 4. Bg2 Nf6 5. e3 d6 6. Nge2 g6 7. d3 Bg7 8. O-O
O-O 9. Rb1 Rb8 10. b4 Be6 11. b5 Ne7 12. Qa4 Qd7 13. Ba3 Nh5 14. f4 Rfe8 15.
Nd5 Nxd5 16. cxd5 Bf7 17. e4 exf4 18. Nxf4 Nxf4 19. gxf4 h6 20. Bb2 a6 21. Bxg7
axb5 22. Qd4 c5 23. dxc6 bxc6 24. Bxh6 Bxa2 25. Ra1 c5 26. Qf6 Re6 27. Qb2 1-0

[Event "3. Wittelsbacher Weihnachts-Schach-Open"]
[Site "Kelheim"]
[Date "2014.12.28"]
[Round "3.34"]
[White "Stutz, Robert"]
[Black "Seidenschwarz, Holger"]
[Result "0-1"]
[WhiteElo "1816"]
[BlackElo "1976"]
[PlyCount "120"]
[EventDate "2014.??.??"]
[WhiteTeam "TSV Grossmehring"]
[BlackTeam "SK Kelheim"]

1. e4 e5 2. Nf3 Nc6 3. d4 exd4 4. Nxd4 Nf6 5. Nxc6 bxc6 6. e5 Qe7 7. Qe2 Nd5 8.
c4 Nb6 9. Nc3 Qe6 10. Qe4 g6 11. f4 a5 12. Be3 Bb4 13. Rc1 Ba6 14. a3 Be7 15.
Bxb6 cxb6 16. Na4 Rb8 17. Bd3 b5 18. cxb5 Bxb5 19. O-O Qb3 20. Bxb5 Qxb5 21.
Rfd1 Bb4 22. axb4 Qxa4 23. Qd4 O-O 24. bxa5 Qxa5 25. Rc2 Rb4 26. Qf2 Rfb8 27.
g3 Qa2 28. Rdd2 R4b5 29. Kg2 Rd5 30. Kh3 h5 31. Re2 Rbb5 32. Qf3 Rd1 33. Rf2
Qe6+ 34. Kg2 Rbd5 35. Qb3 Kg7 36. Qc4 h4 37. f5 h3+ 38. Kxh3 gxf5 39. Rf4 Rxe5
40. Qc3 Rde1 41. Rcf2 R1e3 42. Qd4 R3e4 43. Qc3 Kg8 44. Qf3 Qh6+ 45. Kg2 Rxf4
46. gxf4 Re1 47. Qg3+ Qg6 48. Qxg6+ fxg6 49. Rd2 d5 50. Rc2 Re6 51. Kf3 Kg7 52.
Rd2 Kh6 53. h4 Kh5 54. Rc2 d4 55. b4 Re3+ 56. Kf2 Rc3 57. Rb2 Kg4 58. Rd2 Rc4
59. Ke1 Kxf4 60. Rf2+ Kg4 0-1

[Event "3. Wittelsbacher Weihnachts-Schach-Open"]
[Site "Kelheim"]
[Date "2014.12.28"]
[Round "3.35"]
[White "Goderbauer, Benedikt"]
[Black "Weidenh?fer, Robert"]
[Result "1-0"]
[WhiteElo "1818"]
[BlackElo "1736"]
[PlyCount "109"]
[EventDate "2014.??.??"]
[WhiteTeam "SC Moosburg"]
[BlackTeam "SW N?rnberg S?d"]

1. d4 b6 2. Nf3 Bb7 3. g3 e6 4. Bg2 Nf6 5. O-O c5 6. Nc3 cxd4 7. Nb5 Nc6 8. Bf4
d6 9. Nfxd4 Nxd4 10. Bxb7 Nxb5 11. Bc6+ Nd7 12. Bxb5 e5 13. Bd2 a5 14. Bc3 Be7
15. e3 O-O 16. Bxd7 Qxd7 17. Bxe5 Qc6 18. Bc3 b5 19. a3 Rfc8 20. Qd2 d5 21.
Rfd1 b4 22. axb4 axb4 23. Rxa8 Rxa8 24. Bxb4 Bxb4 25. Qxb4 Qxc2 26. Rxd5 Qc1+
27. Kg2 Qc6 28. Qd6 Qb7 29. Qd7 Qb6 30. Rb5 Qg6 31. Qd5 Re8 32. Ra5 h6 33. Ra8
Rxa8 34. Qxa8+ Kh7 35. Qb7 h5 36. Qd5 h4 37. e4 Qh6 38. Qf5+ Kg8 39. b4 Qc6 40.
b5 Qb7 41. Qd5 Qc8 42. Qf5 Qb7 43. g4 g6 44. Qd5 Qc8 45. h3 Kg7 46. b6 f5 47.
b7 Qc7 48. gxf5 gxf5 49. exf5 Kf6 50. Qe6+ Kg5 51. Qc8 Qe5 52. Qg8+ Kxf5 53.
Qf8+ Kg6 54. b8=Q Qg5+ 55. Kh2 1-0

[Event "3. Wittelsbacher Weihnachts-Schach-Open"]
[Site "Kelheim"]
[Date "2014.12.28"]
[Round "3.36"]
[White "Obermeier, Johannes"]
[Black "Stadler, Andreas"]
[Result "0-1"]
[WhiteElo "1613"]
[BlackElo "1955"]
[PlyCount "94"]
[EventDate "2014.??.??"]
[WhiteTeam "SK Kelheim"]
[BlackTeam "SK M?nchen S?dost"]

1. e4 e6 2. d3 c5 3. Nf3 Nc6 4. Nbd2 g6 5. g3 Bg7 6. Bg2 Nge7 7. O-O O-O 8. Nc4
d5 9. exd5 exd5 10. Ne3 Nd4 11. c3 Nxf3+ 12. Bxf3 d4 13. cxd4 Bxd4 14. Qb3 Nc6
15. Bd2 Bg7 16. Rac1 Nd4 17. Qd1 Nxf3+ 18. Qxf3 Qxd3 19. Rfd1 Be6 20. Bb4 Qb5
21. Bxc5 Rfc8 22. b4 Bxa2 23. Nd5 Bxd5 24. Qxd5 b6 25. Be7 Qxd5 26. Rxc8+ Rxc8
27. Rxd5 Bf8 28. Rd7 Ra8 29. Bxf8 Kxf8 30. b5 a5 31. bxa6 Rxa6 32. Rb7 Ra1+ 33.
Kg2 Rb1 34. Kf3 Kg7 35. h4 Kf6 36. Ke4 b5 37. Rb6+ Kg7 38. Kd4 b4 39. Kc4 Rb2
40. Rxb4 Rxf2 41. Rb3 Kf6 42. Kd4 Re2 43. Rf3+ Ke6 44. Rf4 f5 45. g4 fxg4 46.
Rxg4 Kf5 47. Rg1 Re4+ 0-1

[Event "3. Wittelsbacher Weihnachts-Schach-Open"]
[Site "Kelheim"]
[Date "2014.12.28"]
[Round "3.37"]
[White "Gottschall, Ina"]
[Black "Meulner, Fabian"]
[Result "0-1"]
[WhiteElo "1773"]
[BlackElo "1926"]
[PlyCount "70"]
[EventDate "2014.??.??"]
[WhiteTeam "USV TU Dresden"]
[BlackTeam "SW N?rnberg S?d"]

1. d4 g6 2. c4 Bg7 3. e4 d6 4. f4 Nf6 5. Nc3 c5 6. d5 O-O 7. Nf3 e6 8. Be2 Re8
9. Qc2 Na6 10. O-O exd5 11. cxd5 Nc7 12. Be3 Ncxd5 13. Nxd5 Nxd5 14. Bd2 Nf6
15. Bd3 Qb6 16. Kh1 d5 17. e5 Nd7 18. Rfe1 Nf8 19. f5 c4 20. fxg6 hxg6 21. Bf1
Bf5 22. Qc1 Nd7 23. Bc3 Bg4 24. Bd4 Qc6 25. e6 Rxe6 26. Rxe6 Bxe6 27. Qc3 Bxd4
28. Qxd4 Qc5 29. Qh4 Rc8 30. Ng5 Nf8 31. Rc1 Qe7 32. b3 b5 33. Qg3 Qf6 34. Be2
Qb2 35. Rf1 Qxe2 0-1

[Event "3. Wittelsbacher Weihnachts-Schach-Open"]
[Site "Kelheim"]
[Date "2014.12.28"]
[Round "3.38"]
[White "Oestreicher, Hans-Ulrich"]
[Black "Klausmann, Leonard"]
[Result "1/2-1/2"]
[WhiteElo "1987"]
[BlackElo "1504"]
[Annotator "Doe,John"]
[PlyCount "40"]
[EventDate "2014.??.??"]
[WhiteTeam "SK Markdorf"]
[BlackTeam "TSV Kareth-Lappersdorf"]

1. c4 {[%emt 0:00:00]} c6 2. d4 g6 3. Nc3 Bg7 4. Nf3 d5 5. cxd5 cxd5 6. g3 Bf5
7. Bg2 Nf6 8. Qb3 b6 9. Ne5 e6 10. Bg5 h6 11. Qa4+ Nbd7 12. Nc6 Qc8 13. Bf4 a6
14. Ne5 O-O 15. O-O g5 16. Nxd7 Nxd7 17. Be3 b5 18. Qd1 Nb6 19. Rc1 Qd7 20. b3
Rac8 1/2-1/2